| 000 | 00804nam a22002057a 4500 | ||
|---|---|---|---|
| 003 | BD-DhUL | ||
| 005 | 20160905170301.0 | ||
| 008 | 160905s1984 ii | ||| |||| 000 0 ben d | ||
| 040 |
_aBD-DhUL _cBD-DhUL |
||
| 082 |
_a954 _bRAP |
||
| 100 | 1 | _aগোলাম আহমাদ মোর্তজা | |
| 245 | 1 | 0 |
_aচেপে রাখা ইতিহাস / _cগোলাম আহমাদ মোর্তজা |
| 250 | _a৭ম সং. | ||
| 260 |
_aকলিকাতা : _bবিশ্ববঙ্গীয় প্রকাশন, _c১৯৯৮. |
||
| 300 |
_a৩৪৬পৃ. ; _c২২ সেমি. |
||
| 650 | 0 | _aভারতবর্ষ- ইতিহাস | |
| 650 | 0 | _aBharatabarsa History | |
| 700 | 1 | _aচট্টোপাধ্যায়, সুমন | |
| 942 |
_2ddc _cBK |
||
| 999 |
_c104262 _d104262 |
||